000 00697nam a2200289Ia 4500
005 20260324133855.0
008 008 260324s9999 xx 000 0 eng d
020 _a9781315263168
037 _aEBOOK
040 _aCRL
040 _beng
040 _cCRL
041 _2eng
041 _aeng
084 _qCRL
100 _aSinfree Makoni; Koen Stroeken
_91194720
245 0 _aAgeing in Africa
245 0 _bSociolinguistic and Anthropological Approaches
260 _bTaylor and Francis
260 _c2002
365 _a
365 _b255
856 _uhttp://www.taylorfrancis.com/books/9781315263168
942 _cEBOOK
999 _c1794213
_d1794213